| 000 | 00605nam a2200169 a 4500 | ||
|---|---|---|---|
| 003 | PILC | ||
| 005 | 20150112093443.0 | ||
| 008 | 100727s19uu xx 00 eng d | ||
| 050 |
_aRC 86.7 _b.B311 1999 |
||
| 082 |
_aSFf 616.120 _bP54 1999 |
||
| 100 |
_aThe Philippine National Red Cross Safety Services _920890 |
||
| 245 |
_aBasic life support - cardiopulmonary resuscitation : _bTraining handbook. |
||
| 260 |
_aPhilippines : _bPhilippine National Red Cross Safety Services, _c1999. |
||
| 300 |
_a36 pages : _billustration ; _c19 cm. |
||
| 650 |
_aCardiopulmonary resuscitation _920891 |
||
| 942 |
_2lcc _cBK |
||
| 999 |
_c14817 _d14817 |
||